Starting out in statistics : (Record no. 101765)
[ view plain ]
| 000 -LEADER | |
|---|---|
| fixed length control field | 00725cam a2200205 i 4500 |
| 001 - CONTROL NUMBER | |
| control field | 18154162 |
| 005 - DATE AND TIME OF LATEST TRANSACTION | |
| control field | 20180117114027.0 |
| 008 - FIXED-LENGTH DATA ELEMENTS--GENERAL INFORMATION | |
| fixed length control field | 140516s2014 njua b 001 0 eng |
| 020 ## - INTERNATIONAL STANDARD BOOK NUMBER | |
| International Standard Book Number | 9781118384022 (hardback) |
| 040 ## - CATALOGING SOURCE | |
| Transcribing agency | PK-LaUMT |
| 082 00 - DEWEY DECIMAL CLASSIFICATION NUMBER | |
| Classification number | 610.21 |
| Edition number | 23 |
| Item number | DEW-S |
| 100 1# - MAIN ENTRY--PERSONAL NAME | |
| Personal name | De Winter, Patricia |
| 245 10 - TITLE STATEMENT | |
| Title | Starting out in statistics : |
| Remainder of title | an introduction for students of human health, disease and psychology / |
| Statement of responsibility, etc | Patricia de Winter and Peter M.B. Cahusac |
| 260 ## - PUBLICATION, DISTRIBUTION, ETC. (IMPRINT) | |
| Place of publication, distribution, etc | Chichester : |
| Name of publisher, distributor, etc | Wiley Blackwell, |
| Date of publication, distribution, etc | 2014 |
| 300 ## - PHYSICAL DESCRIPTION | |
| Extent | xxiv, 283 p. : |
| Other physical details | illustrations (some color) ; |
| Dimensions | 25 cm |
| 650 #0 - SUBJECT ADDED ENTRY--TOPICAL TERM | |
| Topical term or geographic name as entry element | Medical statistics |
| 650 #7 - SUBJECT ADDED ENTRY--TOPICAL TERM | |
| Topical term or geographic name as entry element | SCIENCE / Life Sciences / Biology / General. |
| 700 1# - ADDED ENTRY--PERSONAL NAME | |
| Personal name | Cahusac, Peter, |
| 942 ## - ADDED ENTRY ELEMENTS (KOHA) | |
| Koha item type | Books |
| Withdrawn status | Lost status | Damaged status | Home library | Current library | Date acquired | Full call number | Barcode | Date last seen | Price effective from | Koha item type |
|---|---|---|---|---|---|---|---|---|---|---|
| UMT Main Campus | UMT Main Campus | 2018-01-17 | 610.21 DEW-S | 117661 | 2018-01-17 | 2018-01-17 | Books |
